书目信息 |
| 题名: |
城市居民网络政治参与行为研究
|
|
| 作者: | 黄少华 著 | |
| 分册: | ||
| 出版信息: | 北京 科学出版社 2017 |
|
| 页数: | 189页 | |
| 开本: | 24cm | |
| 丛书名: | ||
| 单 册: | ||
| 中图分类: | D621.5 | |
| 科图分类: | ||
| 主题词: | 市民--参与制--互联网络--政治--行为分析--中国 | |
| 电子资源: | ||
| ISBN: | 978-7-03-054929-7 | |
| 000 | 01124nam0 2200241 450 | |
| 001 | 012001000110 | |
| 005 | 20140920091301.0 | |
| 010 | @a978-7-03-054929-7@dCNY68.00 | |
| 100 | @a20180315d2017 em y0chiy50 ea | |
| 101 | 0 | @achi |
| 102 | @aCN@b110000 | |
| 105 | @ay z 001yy | |
| 106 | @ar | |
| 200 | 1 | @a城市居民网络政治参与行为研究@9Cheng Shi Ju Min Wang Luo Zheng Zhi Can Yu Xing Wei Yan Jiu@dResearch on the online political participation f urban residents@f黄少华著@zeng |
| 210 | @a北京@c科学出版社@d2017 | |
| 215 | @a189页@d24cm | |
| 330 | @a本书基于社会学理论视角,并结合政治学和传播学理论,遵循实证研究范式,运用问卷调查、深度访谈等数据和资料收集方法,以及统计分析、类属分析等定量和定性分析方法,对城市居民网络政治参与行为的结构及影响因素进行实证分析,并在实证研究结果的基础上,尝试提出引导和控制网络政治参与行为的政策建议。 | |
| 510 | 1 | @aResearch on the online political participation f urban residents@zeng |
| 606 | 0 | @a市民@x参与制@x互联网络@x政治@x行为分析@y中国 |
| 690 | @aD621.5@v5 | |
| 701 | 0 | @a黄少华@9Huang Shao Hua@4著 |
| 801 | 0 | @aCN@b上海新华@c20180901 |
| 905 | @b1040539-43@dD621.5@e95@f5 | |
| 城市居民网络政治参与行为研究=Research on the online political participation f urban residents/黄少华著.-北京:科学出版社,2017 |
| 189页;24cm |
| ISBN 978-7-03-054929-7:CNY68.00 |
| 本书基于社会学理论视角,并结合政治学和传播学理论,遵循实证研究范式,运用问卷调查、深度访谈等数据和资料收集方法,以及统计分析、类属分析等定量和定性分析方法,对城市居民网络政治参与行为的结构及影响因素进行实证分析,并在实证研究结果的基础上,尝试提出引导和控制网络政治参与行为的政策建议。 |
| ● |
| 相关链接 |
|
|
|
|
正题名:城市居民网络政治参与行为研究
索取号:D621.5/95
 
预约/预借
| 序号 | 登录号 | 条形码 | 馆藏地/架位号 | 状态 | 备注 |
| 1 | 1040539 | 210405391 | 第一样本阅览室/ [索取号:D621.5/95] | 在馆 | |
| 2 | 1040540 | 210405408 | 第一借阅区/ [索取号:D621.5/95] | 在馆 | |
| 3 | 1040541 | 210405417 | 密集书库-史法系/ [索取号:D621.5/95] | 在馆 | |
| 4 | 1040542 | 210405426 | 第一借阅区/ [索取号:D621.5/95] | 在馆 | |
| 5 | 1040543 | 210405435 | 第一借阅区/ [索取号:D621.5/95] | 在馆 |